Statistics for Minecraft Items that Contain "Copper"

Click here to take the quiz!

General Stats

  • This quiz has been taken 18 times
  • The average score is 17 of 37

Answer Stats

Item% Correct
Copper Ore
69%
Cut Copper
69%
Cut Copper Stairs
69%
Block of Copper
62%
Copper Ingot
54%
Cut Copper Slab
54%
Oxidised Copper
54%
Raw Copper
54%
Waxed Cut Copper
54%
Weathered Copper
54%
Oxidised Cut Copper
46%
Oxidised Cut Copper Slab
46%
Waxed Cut Copper Slab
46%
Waxed Cut Copper Stairs
46%
Waxed Oxidised Copper
46%
Waxed Oxidised Cut Copper
46%
Waxed Oxidised Cut Copper Slab
46%
Waxed Oxidised Cut Copper Stairs
46%
Waxed Weathered Copper
46%
Waxed Weathered Cut Copper
46%
Waxed Weathered Cut Copper Slab
46%
Waxed Weathered Cut Copper Stairs
46%
Weathered Cut Copper
46%
Weathered Cut Copper Slab
46%
Weathered Cut Copper Stairs
46%
Exposed Copper
38%
Exposed Cut Copper
38%
Exposed Cut Copper Slab
38%
Exposed Cut Copper Stairs
38%
Oxidised Cut Copper Stairs
38%
Waxed Exposed Copper
38%
Waxed Exposed Cut Copper
38%
Waxed Exposed Cut Copper Slab
38%
Waxed Exposed Cut Copper Stairs
38%
Block of Raw Copper
31%
Waxed Block of Copper
31%
Deepslate Copper Ore
23%

Score Distribution

Percentile by Number Answered

Percent of People with Each Score

Your Score History

You have not taken this quiz